| 000 | 00590nam a2200193Ii 4500 | ||
|---|---|---|---|
| 003 | JO-AjNU | ||
| 008 | 230605s9999||||xx |||||||||||||| ||und|| | ||
| 040 |
_aJO-AjNU _bara _erda _cJO-AjNU |
||
| 041 | _aara | ||
| 050 | 1 | 4 | _aQA154.2.A56 2008 |
| 100 | 3 |
_aعنوز ، محمود محمد, _eauthor _931172 |
|
| 245 | 0 | 0 | _aالرياضيات الحديثة |
| 264 | 3 | 1 | _aعمان:دار الصفاء ،2008 |
| 300 | _a256ص | ||
| 336 |
_atext _btxt _2rdacontent |
||
| 337 |
_aunmediated _bn _2rdamedia |
||
| 338 |
_avolume _bnc _2rdacarrier |
||
| 650 | 4 |
_aالرياضيات - تعلم _931173 |
|
| 999 |
_aA12439 _c16007 _d16007 |
||